000 00369nam a2200109Ia 4500
008 171204s9999 xx 000 0 und d
245 _aConversations with Classic Film Stars: Interviews From Hollywood's Golden Era
245 _cJames Bawden and Ron Miller
260 _c2016
650 _xINTRODUCTION TO FILM
856 _uhttp://down.ebook777.com/060/9780813167107.pdf
999 _c346127
_d346127